000 00645nam a2200205Ii 4500
003 JO-AjNU
008 230605s9999||||xx |||||||||||||| ||und||
017 _a2006/3/536
040 _aJO-AjNU
_bara
_erda
_cJO-AjNU
041 _aara
050 1 4 _aPJ7824 2006
100 3 _aتأليف الرفاعي،عمر محمد,
_eauthor
_923670
245 0 0 _aنرجس الرحيل
264 3 1 _aإربد:دار الكتاب الثقافي،2006
300 _a125ص
336 _atext
_btxt
_2rdacontent
337 _aunmediated
_bn
_2rdamedia
338 _avolume
_bnc
_2rdacarrier
650 4 _aالشعر العربي - العصر الحديث
_923671
999 _aA8600
_c12168
_d12168